00471nam a2200169Ia 4500003000400000008004100004020001500045040001600060082002000076100001900096245005000115260003800165300002800203650001600231650002000247650003400267GCL140319s9999 xx 000 0 eng d a2724700643 aGCL / cGCL04aCCb962.03bL K1 aLAURENS, HENRY10aKLEBER EN EGYPTE 1798-1800 / cLAURENS, HENRY aالقاهرة : bIFAO ، c1988 a4 VOLSbILL ؛ c19 cm.04aCOLLECTIONS04aEGYPT - HISTORY04aEGYPT - HISTORY - 1517 - 1882